000
00297nam a22001337a 4500
005
20230818103851.0
008
230818b |||||||| |||| 00| 0 eng d
040
_a
Loreto college
041
_a
English
082
_a
954
_b
JUD
245
_a
Making of modern India
850
_a
LCLIB
942
_c
BK
999
_c
43511
_d
93990